| 000 | 01069nab a2200205 i 4500 | ||
|---|---|---|---|
| 001 | 768714001 | ||
| 003 | CO-MdFUSB | ||
| 005 | 20240506100351.0 | ||
| 008 | 240430t1965 sp ||||| |||| 00| 0 spa d | ||
| 040 |
_bspa _cCO-MdFUSB _dCO-MdFUSB |
||
| 041 | _aspa | ||
| 100 |
_aLe Guillou, M.-J. _eautor |
||
| 245 | 3 |
_aLa misión, ¿obstáculo o estímulo para el ecumenismo? _c/ M. J. Le Guillou |
|
| 520 | _aLos cristianos a menudo ignoran el concepto de misión y ecumenidad como algo fundamental, y los ven como meras nociones y realidades. Sin embargo, los lazos que los unen afectan la naturaleza del plan de Dios, la naturaleza de la iglesia, de modo que en la realidad concreta estos dos conceptos no pueden pensarse por separado. | ||
| 650 | 7 |
_aTeología pastoral y unidad cristiana _97183 |
|
| 650 | 0 |
_a Ecumenismo _xHistoria _91146 |
|
| 773 | 0 |
_049450 _982563 _oR2494 _tRevista internacional de teología Concilium _w(CO-MdFUSB)8 _x0210-1041 _gNúmero 4, (abril, 1965), páginas: 5 - 18 _qpágina: 5 |
|
| 942 | _cANA | ||
| 945 | _aCatherine Arias Álvarez practicante SENA | ||
| 999 |
_c69453 _d69453 |
||